Wine Regions of Napa Valley (typing) - Statistics

General Stats
  • This quiz has been taken 150 times
  • The average score is 7 of 8
Answers on the Map
Answers color-coded by a green-red scale on the quiz's map according to % correct below.
 
Answer Stats
AVA % Correct
Rutherford
98%
Oakville
96%
Los Carneros
93%
Calistoga
87%
Howell Mountain
87%
St. Helena
87%
Mount Veeder
83%
Stags Leap
80%
No matching quizzes found
Score Distribution
Percent of People with Each Score
Percentile by Number Answered
Your Score History
You have not taken this quiz